000
00337 a2200157 4500
001
163633
020
_a
040
_c
Magnum
100
_a
Mazzetti, Maria
240
1
0
_a
As travessuras de pepita
_l
por
245
1
0
_a
As travessuras de pepita
362
0
_a
1899
440
1
_a
Ao Livro Técnico
697
_a
IJ/ANIMAIS
942
_c
BK
999
_c
163633
_d
163633